01628cam a2200301 a 450000100090000000300040000900500170001300800410003001000170007102000250008803500200011304000230013304200080015605000210016406000100018508200200019510000340021524500820024925000120033126000560034330000380039950400510043750507440048865000250123265000300125770000190128770000200130616865741OSt20150408114135.0110708s2012 stka b 001 0 eng  a 2011029096 a9780723437031 (pbk.) a(DNLM)101564232 aDNLM/DLCcDLCdDLC apcc00aRB40b.M284 201210aQY 9000a616.056 MWC2231 aMarshall, William J.,cPh. D.10aClinical chemistry /cWilliam J. Marshall, Stephen K. Bangert, Marta Lapsley. a7th ed. aEdinburgh ;aa New York :bMosby Elsevier, $c 2012. aix, 367 p. :bcol. ill. ;c25 cm. aIncludes bibliographical references and index.0 aBiomechanical investigations in clinical medicine -- Water, sodium and potassium -- Hydrogen ion homeostasis and blood gases -- The kidneys -- The liver -- The gastrointestinal tract -- The hypothalamus and the pituitary gland -- The adrenal glands -- The thyroid gland -- The gonads -- Disorders of carbohydrate metabolism -- Calcium, phosphate, and magnesium -- Plasma proteins and enzymes -- Lipids, lipoproteins, and cardiovascular disease -- The locomotor and nervous systems -- Inherited metabolic diseases -- Disorders of haemoproteins, porphyrins and iron -- Metabolic aspects of malignant disease -- Therapeutic drug monitoring and chemical aspects of toxicology -- Clinical nutrition -- Clinical chemistry at the extremes of age.12aChemistry, Clinical.22aClinical Chemistry Tests.1 aBangert, S. K.1 aLapsley, Marta.